5 Biggest Cities in Each US State - Statistics

General Stats
  • This quiz has been taken 2,879 times
  • The average score is 116 of 250
Answer Stats
State Population Answer % Correct
Georgia 504,527 Atlanta (GA)
88%
194,160 Columbus (GA)
86%
Ohio 895,477 Columbus (OH)
86%
196,939 Augusta (GA)
84%
New Hampshire 112,525 Manchester (NH)
84%
374,114 Aurora (CO)
82%
198,187 Aurora (IL)
82%
South Carolina 136,208 Charleston (SC)
81%
West Virginia 47,215 Charleston (WV)
81%
38,079 Dover (DE)
81%
31,771 Dover (NH)
81%
North Carolina 881,819 Charlotte (NC)
80%
123,180 Columbia (MO)
80%
133,451 Columbia (SC)
80%
147,181 Savannah (GA)
80%
43,412 Concord (NH)
76%
122,587 Hartford (CT)
74%
130,418 New Haven (CT)
73%
153,095 Macon (GA)
71%
35,944 Lewiston (ME)
70%
108,389 Hillsboro (OR)
68%
Rhode Island 179,335 Providence (RI)
68%
155,032 Springfield (MA)
66%
168,122 Springfield (MO)
66%
206,284 Rochester (NY)
65%
117,902 Rochester (MN)
64%
31,366 Rochester (NH)
64%
Deleware 70,635 Wilmington (DE)
64%
Massachusetts 699,927 Boston (MA)
63%
Illinois 2,705,994 Chicago (IL)
63%
110,158 Gresham (OR)
63%
22,582 Middletown (DE)
63%
15,325 Rutland (VT)
63%
129,775 Stamford (CT)
62%
Alaska 291,538 Anchorage (AK)
61%
23,196 Auburn (ME)
61%
Maryland 599,827 Baltimore (MD)
61%
Alabama 208,928 Birmingham (AL)
60%
32,113 Juneau (AK)
60%
198,956 Montgomery (AL)
60%
7,436 Montpelier (VT)
60%
113,237 North Charleston (SC)
59%
Arizona 1,660,272 Phoenix (AZ)
59%
189,572 Mobile (AL)
58%
Nebraska 468,262 Omaha (NE)
58%
Idaho 228,790 Boise (ID)
57%
152,958 Kansas City (KS)
57%
Missouri 507,928 Kansas City (MO)
57%
Nevada 647,829 Las Vegas (NV)
57%
287,401 Lincoln (NE)
57%
Arkansas 197,881 Little Rock (AR)
57%
California 3,994,928 Los Angeles (CA)
57%
74,428 Missoula (MT)
57%
New York 8,879,928 New York City (NY)
56%
Maine 66,417 Portland (ME)
56%
Oregon 661,189 Portland (OR)
56%
1,425,976 San Diego (CA)
56%
884,198 San Francisco (CA)
56%
31,516 Fairbanks (AK)
55%
204,189 Huntsville (AL)
55%
Indiana 867,125 Indianapolis (IN)
55%
257,189 Reno (NV)
55%
545,975 Tucson (AZ)
55%
Kansas 389,225 Wichita (KS)
55%
New Mexico 560,218 Albuquerque (NM)
54%
Colorado 716,492 Denver (CO)
54%
33,673 Newark (DE)
54%
New Jersey 282,090 Newark (NJ)
54%
1,030,119 San Jose (CA)
54%
South Dakota 181,883 Sioux Falls (SD)
54%
108,093 Waterbury (CT)
54%
251,298 Buffalo (NY)
53%
Iowa 216,853 Des Moines (IA)
53%
200,217 Grand Rapids (MI)
53%
302,838 Saint Louis (MO)
53%
Utah 200,591 Salt Lake City (UT)
53%
125,904 Topeka (KS)
53%
Montana 116,827 Billings (MT)
52%
Michigan 672,662 Detroit (MI)
52%
94,528 Santa Fe (NM)
52%
Hawaii 347,397 Honolulu (HI)
51%
75,443 Rapid City (SD)
51%
185,877 Worcester (MA)
51%
483,829 Colorado Springs (CO)
50%
Mississippi 164,422 Jackson (MS)
50%
508,958 Mesa (AZ)
50%
474,176 Miami (FL)
50%
Louisiana 399,187 New Orleans (LA)
50%
Washington 749,627 Seattle (WA)
50%
54,944 Southaven (MS)
50%
80,847 Warwick (RI)
50%
977,198 Austin (TX)
49%
221,599 Baton Rouge (LA)
49%
1,345,047 Dallas (TX)
49%
530,093 Fresno (CA)
49%
313,189 Henderson (NV)
49%
Florida 903,889 Jacksonville (FL)
49%
265,549 Jersey City (NJ)
49%
289,191 Orlando (FL)
49%
Connectiut 144,900 Bridgeport (CT)
48%
Texas 2,325,502 Houston (TX)
48%
Oklahoma 649,021 Oklahoma City (OK)
48%
71,847 Pawtucket (RI)
48%
Pennsylvania 1,587,828 Philadelphia (PA)
48%
173,442 Salem (OR)
48%
1,532,233 San Antonio (TX)
48%
82,396 Sioux City (IA)
48%
401,189 Tampa (FL)
48%
North Dakota 124,844 Fargo (ND)
47%
895,008 Fort Worth (TX)
47%
245,949 North Las Vegas (NV)
47%
301,048 Pittsburgh (PA)
47%
477,198 Raleigh (NC)
47%
101,113 Tuscaloosa (AL)
47%
382,817 Cleveland (OH)
46%
81,274 Cranston (RI)
46%
Kentucky 620,578 Louisville(KY)
46%
89,338 Mount Pleasant (SC)
46%
Tennessee 681,928 Nashville (TN)
46%
142,749 Syracuse (NY)
46%
22,153 Watertown (SD)
46%
28,562 Aberdeen (SD)
45%
Vermont 42,899 Burlington (VT)
45%
118,977 Cambridge (MA)
45%
267,633 Fort Wayne (IN)
45%
228,783 Richmond (VA)
45%
146,526 Rockford (IL)
45%
255,310 Scottsdale (AZ)
45%
Wyoming 63,957 Cheyenne (WY)
44%
47,476 East Providence (RI)
44%
86,751 Fayetteville (AR)
44%
650,618 Memphis (TN)
44%
Minnesota 427,728 Minneapolis (MN)
44%
148,304 Naperville (IL)
44%
118,178 Provo (UT)
44%
400,669 Tulsa (OK)
44%
323,780 Lexington (KY)
43%
219,190 Spokane (WA)
43%
Virginia 450,189 Virginia Beach (VA)
43%
133,174 Cedar Rapids (IA)
42%
171,245 Eugene (OR)
42%
148,099 Joliet (IL)
42%
102,926 Las Cruces (NM)
42%
Wisconsin 592,025 Milwaukee (WI)
42%
312,818 St. Paul (MN)
42%
199,663 Yonkers (NY)
42%
48,532 Bozeman (MT)
41%
24,509 Brookings (SD)
41%
257,165 Chandler (AZ)
41%
58,701 Great Falls (MT)
41%
297,829 Greensboro (NC)
41%
89,246 Nashua (NH)
41%
185,902 Shreveport (LA)
41%
53,627 Bellevue (NE)
40%
147,599 Bellevue (WA)
40%
56,948 Grand Forks (ND)
40%
258,054 Madison (WI)
40%
96,252 Nampa (ID)
40%
196,718 Overland Park (KS)
40%
8,647 Sitka (AK)
40%
216,279 Tacoma (WA)
40%
274,291 Durham (NC)
39%
108,827 Green Bay (WI)
39%
46,048 Huntington (WV)
39%
187,500 Knoxville (TN)
39%
103,290 South Bend (IN)
39%
273,782 Toledo (OH)
39%
121,890 Ann Arbor (MI)
38%
73,112 Bismark (ND)
38%
34,284 Butte (MT)
38%
87,845 Fort Smith (AR)
38%
76,290 Iowa City (IA)
38%
126,143 Lafayette (LA)
38%
111,670 Lowell (MA)
38%
265,098 St. Petersburg (FL)
38%
198,006 Akron (OH)
37%
167,830 Fort Collins (CO)
37%
43,263 Hilo (HI)
37%
244,076 Norfolk (VA)
37%
139,605 Olathe (KS)
37%
102,085 Davenport (IA)
36%
128,885 Elizabeth (NJ)
36%
51,478 Grand Island (NE)
36%
31,997 Bangor (ME)
35%
85,884 Duluth (MN)
35%
117,963 Evansville (IN)
35%
63,398 Idaho Falls (ID)
35%
47,635 Roswell (NM)
35%
10,529 Wasilla (AK)
35%
125,487 Allentown (PA)
34%
57,461 Casper (WY)
34%
96,471 Erie (PA)
34%
67,985 Gaithersburg (MD)
34%
45,951 Hattiesburg (MS)
34%
33,761 Kearney (NE)
34%
145,627 Paterson (NJ)
34%
68,079 Rockville (MD)
34%
116,925 Independence (MO)
33%
76,990 Jonesboro (AR)
33%
217,289 Paradise (NV)
33%
98,023 Rio Rancho (NM)
33%
74,309 Rock Hill (SC)
33%
23,082 Rock Springs (WY)
33%
183,012 Vancouver (WA)
33%
68,401 Bowling Green (KY)
32%
180,557 Chattanooga (TN)
32%
72,244 Fredrick (MD)
32%
11,580 Smyrna (DE)
32%
242,634 Chesapeake (VA)
31%
123,471 Norman (OK)
31%
19,486 South Burlington (VT)
31%
25,606 South Portland (ME)
31%
116,046 West Jordan (UT)
31%
246,328 Winston-Salem (NC)
31%
45,968 Biloxi (MS)
30%
85,578 Bloomington (MN)
30%
302,605 Cincinatti (OH)
30%
156,798 Lakewood (CO)
30%
178,626 Newport News (VA)
30%
97,521 Orem (UT)
30%
136,401 West Valley City (UT)
30%
78,001 Lake Charles (LA)
29%
32,473 Laramie (WY)
29%
47,340 Minot (ND)
29%
47,698 Pearl City (HI)
29%
81,029 Springdale (AR)
29%
134,587 Warren (MI)
29%
97,928 Carmel (IN)
28%
49,914 East Honolulu (HI)
28%
71,870 Gulfport (MS)
28%
58,643 Bowie (MD)
27%
109,471 Broken Arrow (OK)
27%
100,008 Edison (NJ)
27%
100,164 Kenosha (WI)
27%
106,894 Meridian (ID)
27%
132,964 Sterling Heights (MI)
27%
8,605 Barre (VT)
26%
88,495 Reading (PA)
26%
156,794 Clarksville (TN)
25%
30,955 Morgantown (WV)
25%
59,809 Owensboro (KY)
25%
36,566 West Fargo (ND)
25%
77,432 Racine (WI)
24%
26,771 Wheeling (WV)
24%
31,903 Gillette (WY)
23%
38,635 Kailua (HI)
22%
40,366 Covington (KY)
21%
93,127 Edmond (OK)
21%
29,675 Parkersburg (WV)
21%
56,541 Caldwell (ID)
19%
No matching quizzes found
Score Distribution
Percent of People with Each Score
Percentile by Number Answered
Your Score History
You have not taken this quiz